Datum a čas kvízu
18.5
Celkem bodů
Celkový počet nahraných bodů na tomto kvízu bez doplňovacích otázek.
3.
Pořadí na kvízu
Konečné umístění týmu na tomto kvízu.
Zaznamenané odpovědi
| # | Otázka | Odpověď | Body | Výsledky |
|---|---|---|---|---|
| 1. | Pražská povolební jednání se c... | 1 | ||
| 2. | Po kterém ruském umělci je poj... | 0 | ||
| 3. | V Praze byla minulý týden po s... | 1 | ||
| 4. | Bývalý ministr obrany Jaroslav... | 0 | ||
| 5. | Jak se jmenuje záložník, jenž... | 0 | ||
| 6. | V různých seriálech se objevil... | 0 | ||
| 7. | Napište jména herců, kteří ztv... | 1 | ||
| 8. | Walter White a Jesse Pinkman.... | 0 | ||
| 9. | Excentrický sedmdesátiletý věd... | 0 | ||
| 10. | A nakonec dvojice z českých ve... | 1 |